000 00327nam a2200145Ia 4500
100 _aSastry/ K.S./ Dhameja/ Nand.
942 _cBK
654 _aManagement
245 _aPractice of Management Accounting
260 _bWheeler pub
_c1995
082 _a658.1511
_bSAS/DH
300 _a491
546 _aENGLISH
999 _c19022
_d19022